| 000 | 00619cab a2200205 4500 | ||
|---|---|---|---|
| 001 | ABS55173 | ||
| 008 | 090401t1996 xxu||||| |||| 00| 0 eng d | ||
| 035 | _a(Sirsi) u14648 | ||
| 041 | _aeng | ||
| 100 | _aFyson, A. | ||
| 245 | 4 | _aThe environment`s new praetorian guard signs up to higher values | |
| 260 | _c1996 | ||
| 350 | _a0 | ||
| 490 |
_aPlanning Week _v4(20) 16 May 1996, 10(1) |
||
| 520 | _aOutlines role and responsibilities of the new Environment Agency and explains how it works. | ||
| 650 | _aENVIRONMENT AGENCY | ||
| 690 | _aENVIRONMENTAL AND LAND CONSULTANCY | ||
| 942 | _n0 | ||
| 948 | _c04/03/1997 | ||
| 999 |
_c9558 _d9558 |
||